00642nam a2200229Ia 4500003000900000008004100009040001300050040001300063041000800076100002000084100000900104245003000113250001100143260000800154260000900162300001000171300001200181490000600193942000700199999001700206952018900223IT-RoPAU120407s9999 xx 000 0 und d aIT-RoPAU cIT-RoPAU aita aAntonio Cojazzi csac. aL’anima umana non muore aTorino aSei c1942 a64 p. c19,5 cm v1 cBK c36178d36178 00102ddc4061_200000000000000_2771aPAULUSbPAULUSd2012-04-11l0o1.2.27r2012-04-11 00:00:00w2012-04-11yBKzInserito da: Anna In data: 13 ottobre 2011 fondo: Fanella Progr:16546